02053nam a2200265Ia 4500003000400000005001700004008004100021020001500062040002100077041001300098082002500111100003200136245014700168260004100315300008100356500018800437504004000625505015400665520080600819546002801625650002501653650004701678650002001725700004201745OSt20210727225151.0210310t1996 sp ad fr 000 0dspa d a8485855957 aCO-JMCRcCO-JMCR1 aspaheng04a332.673 /bE342g2231 aEichengreen, Barry, eautor13aLa globalización del capital : bhistoria del sistema monetario internacional / cBarry Eichengreen ; traducción de María Esther Rabasco aBarcelona : bAntoni Bosch, c©1996 aix, 327 páginas : bilustraciones y gráficas a blanco y negro ; c22 cm. aIncluye glosario, índice analítico, datos biográficos del autor y notas a pie de página. Título original. Globalizing capital: a history of the international monetary system aBibliografía: páginas [291]-3140 aEl patrón oro -- La inestabilidad del período de entreguerras -- El sistema de Bretton Woods -- De la fluctuación a la unificación monetaria3 aDesde 1850 hasta la crisis asiática y el euro, Eichengreen analiza la evolución del sistema monetario internacional. El autor evita entrar en una descripción pormenorizada de los detalles institucionales para poder centrarse en las cuestiones económicas más sustantivas. El libro va dirigido a diversas audiencias. Una es la de los estudiantes de economía que necesitan dar vida a los simples esquemas que encuentran en sus libros de texto. Otra es la de los estudiantes de historia que hallarán en estas páginas conceptos y metodologías que les serán familiares. Pero el libro está también dirigido al lector general interesado en la reforma monetaria y consciente de que la historia del sistema monetario internacional condiciona los sistemas monetarios actuales y futuros.  aTraducido del inglés.14aMercado de capitales24aSistema monetario internacionalxHistoria 24aGlobalización1 aRabasco, María Esther, etraductora